[Event "Leiden LCT op-A 4th"]
[Site "Leiden"]
[Date "2010.07.11"]
[Round "3"]
[White "Kirana, Marco"]
[Black "Van der Wiel, John"]
[Result "1/2-1/2"]
[WhiteElo "2068"]
[BlackElo "2467"]
[PlyCount "41"]
[EventDate "2010.07.09"]
[EventType "swiss"]
[EventRounds "9"]
[EventCountry "NED"]
[SourceTitle "CBM 137 Extra"]
[Source "ChessBase"]
[SourceDate "2010.09.01"]
[SourceVersion "1"]
[SourceVersionDate "2010.09.01"]
[SourceQuality "1"]

1. Nf3 c5 2. c4 g6 3. g3 Bg7 4. Bg2 Nc6 5. Nc3 d6 6. d3 e5 7. 0-0 Nge7 8. Bd2 h6 9. Qc1 Be6 10. Ne1 Rc8 11. a3 Nd4 12. Qd1 d5 13. Qa4+ Ndc6 14. b4 dxc4 15. bxc5 0-0 16. Rb1 Nd4 17. Rxb7 Rxc5 18. Kh1 Ra5 19. Qb4 Nec6 20. Qb2 Bc8 21. Rb4 1/2-1/2

[Event "NED-ch U17"]
[Site "Haarlem"]
[Date "2010.05.04"]
[Round "6"]
[White "Kirana, Marco"]
[Black "Pijpers, Arthur"]
[Result "0-1"]
[WhiteElo "2068"]
[BlackElo "2263"]
[PlyCount "144"]
[EventDate "2010.04.29"]
[EventType "swiss"]
[EventRounds "9"]
[EventCountry "NED"]
[SourceTitle "EXT 2011"]
[Source "ChessBase"]
[SourceDate "2010.11.26"]
[SourceVersion "1"]
[SourceVersionDate "2010.11.26"]
[SourceQuality "1"]

1. Nf3 d5 2. d4 Nf6 3. g3 Bg4 4. Bg2 c6 5. 0-0 Nbd7 6. Nbd2 e6 7. b3 Be7 8. Bb2 0-0 9. c4 h6 10. Re1 Bf5 11. Ne5 Nxe5 12. dxe5 Nd7 13. cxd5 exd5 14. e4 dxe4 15. Bxe4 Be6 16. Bc2 Qc7 17. h4 Rfd8 18. Qe2 Nf8 19. Ne4 Rd5 20. Qe3 Qb6 21. Qf3 Rad8 22. Re2 Qc7 23. Rae1 Qd7 24. Qe3 Ng6 25. f4 Bf5 26. Rg2 Bb4 27. Rc1 Ne7 28. Kh2 Bd2 29. Qe2 Bxc1 30. Bxc1 Bg4 31. Qf2 b6 32. Nd6 Bf5 33. Nxf5 Nxf5 34. g4 Ne7 35. h5 Kh8 36. Qf3 Rd4 37. Be3 Qd5 38. Qh3 Rb4 39. g5 Qe6 40. Qf3 Nf5 41. gxh6 Nxh6 42. a3 Rb5 43. Kg1 Qd5 44. Qg3 Rg8 45. Qg5 Qf3 46. Bd4 Rd5 47. Bb2 Qe3+ 48. Kf1 Qf3+ 49. Kg1 Qe3+ 50. Kf1 Rd4 51. Bxd4 Qc1+ 52. Ke2 Qxc2+ 53. Ke1 Qe4+ 54. Re2 Qxd4 55. e6 Qc3+ 56. Kf2 fxe6 57. Rxe6 Qc5+ 58. Qxc5 bxc5 59. Rxc6 Rf8 60. Rxc5 Rxf4+ 61. Ke3 Rf5 62. Rc7 Rxh5 63. Rxa7 Rh3+ 64. Kd4 Rxb3 65. Kc4 Rb1 66. a4 g5 67. a5 g4 68. a6 g3 69. Rb7 Ra1 70. a7 g2 71. Rb1 Rxa7 72. Kd3 Rf7 0-1

[Event "NED-ch U17"]
[Site "Haarlem"]
[Date "2010.05.03"]
[Round "5"]
[White "Bijlsma, Nick"]
[Black "Kirana, Marco"]
[Result "1/2-1/2"]
[WhiteElo "2119"]
[BlackElo "2068"]
[PlyCount "46"]
[EventDate "2010.04.29"]
[EventType "swiss"]
[EventRounds "9"]
[EventCountry "NED"]
[SourceTitle "EXT 2011"]
[Source "ChessBase"]
[SourceDate "2010.11.26"]
[SourceVersion "1"]
[SourceVersionDate "2010.11.26"]
[SourceQuality "1"]

1. e4 c6 2. d4 d5 3. Nd2 dxe4 4. Nxe4 Bf5 5. Nc5 b6 6. Nb3 e6 7. Nf3 Qc7 8. g3 Bd6 9. Bg2 Nf6 10. 0-0 0-0 11. Qe2 Nbd7 12. Re1 h6 13. c4 Rac8 14. Bd2 c5 15. Rac1 Rfd8 16. dxc5 Nxc5 17. Nxc5 Bxc5 18. Bf4 Bd6 19. Be5 Bd3 20. Qxd3 Bxe5 21. Qe2 Bd4 22. Nxd4 Rxd4 23. b3 Rcd8 1/2-1/2

[Event "NED-ch U17"]
[Site "Haarlem"]
[Date "2010.04.30"]
[Round "2"]
[White "Kirana, Marco"]
[Black "Brookes, Christopher"]
[Result "1-0"]
[WhiteElo "2068"]
[BlackElo "2015"]
[PlyCount "53"]
[EventDate "2010.04.29"]
[EventType "swiss"]
[EventRounds "9"]
[EventCountry "NED"]
[SourceTitle "EXT 2011"]
[Source "ChessBase"]
[SourceDate "2010.11.26"]
[SourceVersion "1"]
[SourceVersionDate "2010.11.26"]
[SourceQuality "1"]

1. Nf3 Nf6 2. d4 g6 3. g3 Bg7 4. Bg2 0-0 5. 0-0 d6 6. c4 c5 7. h3 Na6 8. Nc3 Rb8 9. Be3 Be6 10. b3 h5 11. Qc1 Re8 12. Rd1 Qc8 13. Kh2 Bf5 14. Nh4 cxd4 15. Bxd4 Nc5 16. Nxf5 Qxf5 17. Qe3 Kh7 18. b4 e5 19. Bxc5 dxc5 20. Nb5 Bh6 21. Qxc5 Bf8 22. Qxa7 e4 23. Nd6 Bxd6 24. Rxd6 h4 25. Qd4 Re5 26. e3 Rbe8 27. Rf1 1-0

[Event "Delft Prinsenstad op-A"]
[Site "Delft"]
[Date "2010.04.04"]
[Round "5"]
[White "Villwock, Martin"]
[Black "Kirana, Marco"]
[Result "0-1"]
[WhiteElo "2238"]
[BlackElo "2192"]
[PlyCount "54"]
[EventDate "2010.04.02"]
[EventType "swiss"]
[EventRounds "6"]
[EventCountry "NED"]
[SourceTitle "EXT 2013"]
[Source "ChessBase"]
[SourceDate "2012.11.22"]
[SourceVersion "1"]
[SourceVersionDate "2012.11.22"]
[SourceQuality "1"]

1. e4 c6 2. d4 d5 3. e5 Bf5 4. h4 h6 5. g4 Bh7 6. e6 f6 7. Rh3 Qd6 8. Re3 g5 9. Nf3 h5 10. Bh3 hxg4 11. Bxg4 Bg6 12. h5 Bxh5 13. Ne5 Bxg4 14. Qxg4 fxe5 15. dxe5 Qc5 16. Qf3 Qb4+ 17. Nc3 Qf4 18. Nxd5 cxd5 19. Qxd5 Rh4 20. Bd2 Qc4 21. Qf3 Qxe6 22. 0-0-0 Nc6 23. Bc3 Qg4 24. e6 Qxf3 25. Rxf3 Rd8 26. Rd7 Bh6 27. Rfd3 Re4 0-1

[Event "Brasschaat op 09th"]
[Site "Brasschaat"]
[Date "2009.08.21"]
[Round "7"]
[White "Kirana, Marco"]
[Black "Fleerackers, Willy"]
[Result "1-0"]
[WhiteElo "1840"]
[BlackElo "2016"]
[PlyCount "57"]
[EventDate "2009.08.15"]
[EventType "swiss"]
[EventRounds "9"]
[EventCountry "BEL"]
[SourceTitle "CBM 131 Extra"]
[Source "ChessBase"]
[SourceDate "2009.09.03"]
[SourceVersion "2"]
[SourceVersionDate "2009.09.16"]
[SourceQuality "1"]

1. Nf3 Nf6 2. d4 e6 3. c4 Bb4+ 4. Bd2 Qe7 5. e3 Nc6 6. Bd3 0-0 7. 0-0 Bxd2 8. Nbxd2 d6 9. a3 a5 10. Qc2 Re8 11. e4 e5 12. d5 Nb8 13. b4 Nh5 14. Rfc1 Nf4 15. Bf1 Na6 16. Qc3 a4 17. g3 Nh3+ 18. Bxh3 Bxh3 19. c5 Rec8 20. Qe3 dxc5 21. bxc5 b5 22. cxb6 cxb6 23. Nc4 b5 24. Ncxe5 Rxc1+ 25. Rxc1 b4 26. Nc6 Qf8 27. e5 b3 28. d6 Bf5 29. Ne7+ 1-0

[Event "NED-ch U15"]
[Site "Venlo"]
[Date "2009.04.26"]
[Round "3"]
[White "Kirana, Marco"]
[Black "Meng, Roger"]
[Result "1-0"]
[WhiteElo "1959"]
[BlackElo "1994"]
[PlyCount "94"]
[EventDate "2009.04.24"]
[EventType "swiss"]
[EventRounds "9"]
[EventCountry "NED"]
[SourceTitle "EXT 2013"]
[Source "ChessBase"]
[SourceDate "2012.11.22"]
[SourceVersion "1"]
[SourceVersionDate "2012.11.22"]
[SourceQuality "1"]

1. Nf3 c5 2. c4 Nf6 3. Nc3 d5 4. cxd5 Nxd5 5. g3 Nc6 6. Bg2 e6 7. d3 Be7 8. Bd2 b6 9. 0-0 0-0 10. h4 Bb7 11. Rc1 h6 12. Nxd5 exd5 13. Qa4 a6 14. Qg4 Bc8 15. Qh5 Qd7 16. d4 Qf5 17. Qxf5 Bxf5 18. Be3 Rad8 19. dxc5 d4 20. cxb6 dxe3 21. Rxc6 Be4 22. Rc7 Bd6 23. Rc3 exf2+ 24. Kxf2 Rfe8 25. Rfc1 Rb8 26. Rb3 Bd5 27. Rd3 Bxf3 28. Bxf3 Rxb6 29. b3 Bb4 30. Rc7 Rbe6 31. Rdd7 R6e7 32. Rxe7 Rxe7 33. Rc8+ Kh7 34. Rc4 a5 35. Be4+ g6 36. h5 f5 37. hxg6+ Kxg6 38. Bd3 Kg5 39. Rc8 Rg7 40. Kf3 Rg6 41. Rd8 Bd6 42. Ra8 Bc7 43. Rf8 Rf6 44. Rg8+ Kh5 45. e3 Bd6 46. Bc4 Be5 47. Kf2 Rg6 1-0

[Event "Delft Prinsenstad op-A"]
[Site "Delft"]
[Date "2009.01.03"]
[Round "3"]
[White "Van den Doel, Erik"]
[Black "Kirana, Marco"]
[Result "1-0"]
[WhiteElo "2566"]
[BlackElo "1892"]
[PlyCount "81"]
[EventDate "2009.01.02"]
[EventType "swiss"]
[EventRounds "6"]
[EventCountry "NED"]
[SourceTitle "EXT 2011"]
[Source "ChessBase"]
[SourceDate "2010.11.26"]
[SourceVersion "1"]
[SourceVersionDate "2010.11.26"]
[SourceQuality "1"]

1. Nf3 Nf6 2. g3 g6 3. Bg2 Bg7 4. 0-0 0-0 5. d4 d5 6. c4 c6 7. cxd5 cxd5 8. Nc3 Nc6 9. Ne5 e6 10. Nxc6 bxc6 11. Bf4 Nd7 12. Rc1 Nb6 13. Re1 f5 14. Na4 g5 15. Be5 Bxe5 16. dxe5 Nxa4 17. Qxa4 Bb7 18. Rc5 Qc7 19. Qd4 h5 20. h4 f4 21. hxg5 fxg3 22. f4 Qf7 23. Rf1 Rab8 24. Bh3 h4 25. Bg4 Rbe8 26. Kg2 Qg6 27. Rh1 Qh7 28. b4 Kg7 29. Rc3 Qe4+ 30. Qxe4 dxe4 31. Rxh4 Rxf4 32. b5 c5 33. Rxc5 Re7 34. Kxg3 Rf1 35. Bxe6 Kg6 36. Bc4 Rf5 37. a4 Rxg5+ 38. Rg4 e3 39. Rxg5+ Kxg5 40. e6+ Kf6 41. Kf4 1-0

[Event "NED-ch U13 playoff 2nd place"]
[Site "Rijswijk"]
[Date "2007.05.20"]
[Round "2"]
[White "Kirana, Marco"]
[Black "Van Overdam, Julian"]
[Result "1-0"]
[WhiteElo "1800"]
[BlackElo "1876"]
[PlyCount "77"]
[EventDate "2007.05.20"]
[EventType "match"]
[EventRounds "2"]
[EventCountry "NED"]
[SourceTitle "EXT 2009"]
[Source "ChessBase"]
[SourceDate "2008.11.26"]
[SourceVersion "1"]
[SourceVersionDate "2008.11.26"]
[SourceQuality "1"]

1. e4 c5 2. Nf3 Nc6 3. d4 cxd4 4. Nxd4 g6 5. c4 Nf6 6. Nc3 d6 7. Be3 Ng4 8. Be2 Nxe3 9. fxe3 Bg7 10. Qd2 0-0 11. h4 Bd7 12. h5 Ne5 13. hxg6 hxg6 14. 0-0-0 Rc8 15. Qe1 Nxc4 16. Qh4 Re8 17. Qh7+ Kf8 18. Bxc4 Rxc4 19. Rdf1 e6 20. Qxg6 f6 21. Rh7 Qe7 22. Rfh1 Qf7 23. Qg3 e5 24. Nf5 Bxf5 25. exf5 d5 26. Kb1 Rc5 27. R1h4 Rc4 28. R4h6 Rc5 29. Rg6 Re7 30. Rhxg7 Qxg7 31. Rxg7 Rxg7 32. Qh4 Rc6 33. Qb4+ Kg8 34. Nxd5 Kh7 35. Qh4+ Kg8 36. Nxf6+ Kf7 37. Nd5 Ke8 38. Qh8+ Kf7 39. Qd8 1-0

[Event "NED-ch U13 playoff 2nd place"]
[Site "Rijswijk"]
[Date "2007.05.20"]
[Round "1"]
[White "Van Overdam, Julian"]
[Black "Kirana, Marco"]
[Result "1/2-1/2"]
[WhiteElo "1876"]
[BlackElo "1800"]
[PlyCount "77"]
[EventDate "2007.05.20"]
[EventType "match"]
[EventRounds "2"]
[EventCountry "NED"]
[SourceTitle "EXT 2009"]
[Source "ChessBase"]
[SourceDate "2008.11.26"]
[SourceVersion "1"]
[SourceVersionDate "2008.11.26"]
[SourceQuality "1"]

1. e4 e5 2. Nf3 Nc6 3. Bb5 Bc5 4. 0-0 d6 5. c3 Bd7 6. d4 exd4 7. cxd4 Bb6 8. Nc3 Nge7 9. Bf4 0-0 10. h3 Ng6 11. Be3 f5 12. Bc4+ Kh8 13. Ng5 h6 14. Nf7+ Rxf7 15. Bxf7 Qf6 16. Bxg6 Qxg6 17. exf5 Bxf5 18. Ne2 Re8 19. Ng3 Bd7 20. Qh5 Qxh5 21. Nxh5 Nxd4 22. Rad1 c5 23. Nf4 Bb5 24. Nd3 Nf5 25. Rfe1 Nxe3 26. Rxe3 Rxe3 27. fxe3 c4 28. Nf2 Bxe3 29. Rxd6 Bc1 30. Nd1 Ba4 31. Nc3 Bc2 32. Rd8+ Kh7 33. Rc8 Bd3 34. b3 Be3+ 35. Kh1 Bd4 36. Nd5 b5 37. bxc4 Bxc4 38. Nb4 a5 39. Nc2 1/2-1/2

[Event "NED-ch U13"]
[Site "Rijswijk"]
[Date "2007.05.18"]
[Round "6"]
[White "Kollen, Zyon"]
[Black "Kirana, Marco"]
[Result "1/2-1/2"]
[WhiteElo "1862"]
[BlackElo "1800"]
[PlyCount "44"]
[EventDate "2007.05.17"]
[EventType "swiss"]
[EventRounds "9"]
[EventCountry "NED"]
[SourceTitle "EXT 2009"]
[Source "ChessBase"]
[SourceDate "2008.11.26"]
[SourceVersion "1"]
[SourceVersionDate "2008.11.26"]
[SourceQuality "1"]

1. e4 e5 2. Nf3 Nc6 3. Bc4 Bc5 4. b4 Bxb4 5. c3 Bc5 6. d4 exd4 7. 0-0 d6 8. cxd4 Bb6 9. Nc3 Bg4 10. Be3 Nf6 11. d5 Ne5 12. Be2 Bxf3 13. Bxf3 Bxe3 14. fxe3 0-0 15. Rb1 Qc8 16. Nb5 a6 17. Nd4 Re8 18. Kh1 Rb8 19. Ne2 Qd7 20. Qd4 c5 21. dxc6 Nxc6 22. Qa4 Qe6 1/2-1/2

[Event "NED-ch U13"]
[Site "Rijswijk"]
[Date "2007.05.17"]
[Round "2"]
[White "Bravo, Fabio"]
[Black "Kirana, Marco"]
[Result "0-1"]
[WhiteElo "1538"]
[BlackElo "1800"]
[PlyCount "52"]
[EventDate "2007.05.17"]
[EventType "swiss"]
[EventRounds "9"]
[EventCountry "NED"]
[SourceTitle "EXT 2009"]
[Source "ChessBase"]
[SourceDate "2008.11.26"]
[SourceVersion "1"]
[SourceVersionDate "2008.11.26"]
[SourceQuality "1"]

1. e4 e5 2. Nf3 Nc6 3. d4 exd4 4. Nxd4 Bc5 5. Be3 Bb6 6. Bc4 d6 7. 0-0 Nf6 8. Nc3 Ng4 9. Nxc6 bxc6 10. Bxb6 axb6 11. h3 Ne5 12. Bb3 Qh4 13. f4 Ng6 14. Qf3 0-0 15. Rae1 Be6 16. Re2 Ra5 17. g4 Qf6 18. Rff2 b5 19. Qg3 Bxb3 20. axb3 Ra1+ 21. Kg2 b4 22. Na4 Qd4 23. Qe3 Qd1 24. Kf3 Qg1 25. Qd2 Rd1 26. Qxb4 Nh4+ 0-1

[Event "NED-ch U13"]
[Site "Rijswijk"]
[Date "2006.05.27"]
[Round "8"]
[White "Kirana, Marco"]
[Black "Ten Hertog, Hugo"]
[Result "1/2-1/2"]
[WhiteElo "1762"]
[BlackElo "1840"]
[PlyCount "135"]
[EventDate "2006.05.25"]
[EventType "swiss"]
[EventRounds "9"]
[EventCountry "NED"]
[SourceTitle "EXT 2009"]
[Source "ChessBase"]
[SourceDate "2008.11.26"]
[SourceVersion "1"]
[SourceVersionDate "2008.11.26"]
[SourceQuality "1"]

1. e4 c5 2. Nf3 d6 3. d4 cxd4 4. Nxd4 Nf6 5. Nc3 a6 6. Bg5 e6 7. Bc4 b5 8. Bd3 Be7 9. 0-0 Bb7 10. f3 0-0 11. Kh1 Nbd7 12. Nb3 b4 13. Ne2 d5 14. exd5 Nxd5 15. Bxe7 Qxe7 16. Qd2 Rfd8 17. Rad1 Rac8 18. Ng3 Ne5 19. Rfe1 Nxd3 20. cxd3 Qc7 21. Rc1 Qb6 22. Red1 a5 23. d4 Ne7 24. Qf2 e5 25. Rxc8 Bxc8 26. Rd2 exd4 27. Nxd4 h6 28. Kg1 Ba6 29. h3 Qc7 30. Nb3 Rc8 31. Ne4 Ng6 32. Nbc5 Bb7 33. Rd7 Qe5 34. Rxb7 Rd8 35. Rd7 Rxd7 36. Nxd7 Qc7 37. Ndc5 f5 38. Nd2 Ne5 39. Qd4 Kh7 40. Ne6 Qc1+ 41. Nf1 Qe1 42. f4 Nf3+ 43. gxf3 Qxe6 44. Qe5 Qxa2 45. Qxf5+ Kg8 46. Qc8+ Kh7 47. Qc2+ Kg8 48. Ne3 Qe6 49. Qc4 Kf7 50. Kg2 Qxc4 51. Nxc4 a4 52. Kf2 Kg6 53. Nd2 Kh5 54. Kg3 Kg6 55. Kg4 Kf6 56. f5 Ke5 57. f6 Kxf6 58. f4 a3 59. bxa3 bxa3 60. Nb3 a2 61. h4 g6 62. Na1 Ke6 63. Kf3 Kf5 64. Kg3 g5 65. fxg5 hxg5 66. h5 g4 67. Kh4 g3 68. Kxg3 1/2-1/2

[Event "NED-ch U13"]
[Site "Rijswijk"]
[Date "2006.05.26"]
[Round "4"]
[White "Ducarmon, Quinten"]
[Black "Kirana, Marco"]
[Result "1/2-1/2"]
[WhiteElo "1805"]
[BlackElo "1762"]
[PlyCount "96"]
[EventDate "2006.05.25"]
[EventType "swiss"]
[EventRounds "9"]
[EventCountry "NED"]
[SourceTitle "EXT 2009"]
[Source "ChessBase"]
[SourceDate "2008.11.26"]
[SourceVersion "1"]
[SourceVersionDate "2008.11.26"]
[SourceQuality "1"]

1. e4 e5 2. Nf3 Nc6 3. d4 exd4 4. Nxd4 Bc5 5. Be3 Bb6 6. c3 d6 7. Bc4 Nf6 8. f3 0-0 9. 0-0 d5 10. exd5 Nxd5 11. Bxd5 Qxd5 12. Na3 Nxd4 13. Bxd4 Be6 14. Nc2 Rad8 15. Bxb6 axb6 16. Qxd5 Bxd5 17. b3 c5 18. Rad1 Be6 19. Ne3 g6 20. Kf2 Ra8 21. Rd2 Ra7 22. c4 Ra3 23. Nd1 Raa8 24. Nc3 Rfd8 25. Rfd1 Rxd2+ 26. Rxd2 Kf8 27. Rd6 Ra6 28. Na4 Bxc4 29. Rxb6 Rxb6 30. Nxb6 Be6 31. Ke3 Ke7 32. Kd3 Kd6 33. f4 f5 34. g3 h6 35. h4 h5 36. Na4 b5 37. Nc3 Kc6 38. Nd1 c4+ 39. Kc3 cxb3 40. axb3 Kc5 41. b4+ Kd6 42. Kd4 Bb3 43. Nf2 Bc2 44. Nh3 Bb3 45. Ng5 Bd5 46. Nh7 Bg8 47. Nf6 Bf7 48. Nh7 Bg8 1/2-1/2